| 000 | 00842nam a2200229Ia 4500 | ||
|---|---|---|---|
| 003 | GCL | ||
| 008 | 140319s9999 xx 000 0 ara d | ||
| 040 |
_aGCL / _cGCL |
||
| 082 | 0 | 4 |
_aع _b591 _bع د |
| 100 | 1 | _aعزالدين فراج | |
| 245 | 1 | 0 |
_aدائرة المعارف العلمية المصورة لنباتات وحيوانات البيئة العربية: تاريخيا وعلميا وزراعيا واقتصاديا وطبيا - الحيوانات / _cعزالدين فراج |
| 700 | 1 | _aسمير امين | |
| 700 | 1 | _aمحمد رضا خورشيد | |
| 700 | 1 | _aمحمود العليمى | |
| 260 |
_a[S.N] : _bدار الفكر العربى ، _c1989 |
||
| 300 | _a344 ص | ||
| 490 | _a | ||
| 650 | 0 | 4 | _aالمراجع |
| 650 | 0 | 4 | _aالنباتات |
| 650 | 0 | 4 | _aالحيوانات - تربية |
| 942 |
_2ddc _cBK |
||
| 999 |
_c30654 _d30654 |
||